000 00763nam a2200193 i 4500
001 41252
003 ES-MaACL
007 t|
008 030310s1963 sp ||||1| spa d
100 1 _aCarvajal y Robles, Rodrigo de.
_935950
245 1 0 _aPoema del asalto y conquista de Antequera
_b: Lima, 1627 /
_cRodrigo de Carvajal y Robles ; prólogo y edición de Francisco López Estrada.
260 _aMadrid :
_bReal Academia Española,
_c1963.
300 _a288 p., 1 lám. ;
_c25 cm.
490 1 _aAnejos del Boletín de la Real Academia Española ;
_v9
700 0 _aLópez Estrada, Francisco,
_d1918-2010
_973627
830 0 _aAnejos del Boletín de la Real Academia Española ;
_v9
_9180902
852 _aES-MaACL
_jE-7243
_bR.90835
999 _c41252
_d41252